| 000 | 00961nam a2200193 a 4500 | ||
|---|---|---|---|
| 001 | 48112 | ||
| 005 | 20180714032316.0 | ||
| 008 | 140415s2004 sp 000 0 spa d | ||
| 020 | _a8484762092 | ||
| 041 | _aspa | ||
| 082 |
_a634 _bAGU |
||
| 100 | 1 | _aAGUSTÍ, MANUEL | |
| 245 | 1 | 0 | _aFRUTICULTURA |
| 250 | _a1a ed. | ||
| 260 |
_aESPAÑA : _bEDICIONES MUNDI-PRENSA, _c2004 |
||
| 300 |
_a167 _c17.5 x 2.7 x 24 |
||
| 520 | _aFRUCTICULTURA ES UN TEXTO QUE REVISA EL CULTIVO DE LAS ESPECIES FRUTALES DE ZONAS TEMPLADAS, CON ALGUNA EXTENSION A LAS DE ORIGEN TROPICAL, ATENDIENDO, PRIORITARIAMENTE, A LOS CONCEPTOS BASICOS DEL DESARROLLO DE ESTAS ESPECIES Y SU RELACION CON EL MEDIO AMBIENTE. ASI, TRAS EL ESTUDIO DE SUS CARACTERISTICAS MORFOLOGICAS Y FISIOLOGICAS, LA OBRA ABORDA LA INFLUENCIA DEL CLIMA Y EL SUELO EN SU COMPORTAMIENTO, EL INTERCAMBIO ENERGETICO CON LA ATMOSFERA Y LOS ASPECTOS BASICOS DEL SUELO COMO | ||
| 650 | 1 | 4 | _aFRUTICULTURA |
| 999 |
_c48112 _d48112 |
||